Recuerdos históricos de la ciudad de Veracruz y Costa de Sotavento del estado durante las campañas de Tres años, la Intervención y el Imperio (Record no. 198)

MARC details
000 -CABECERA
campo de control de longitud fija 00961nam a2200217 a 4500
001 - NÚMERO DE CONTROL
campo de control BRCA_241
005 - FECHA Y HORA DE LA ÚLTIMA TRANSACCIÓN
campo de control 20190320202931.0
008 - DATOS DE LONGITUD FIJA--INFORMACIÓN GENERAL
campo de control de longitud fija 860220s2000 mx-#---#a#---#000-0#spa-#
040 ## - FUENTE DE LA CATALOGACIÓN
Centro catalogador/agencia de origen DLC
Centro/agencia transcriptor CarP
Centro/agencia modificador DLC
050 #4 - SIGNATURA TOPOGRÁFICA DE LA BIBLIOTECA DEL CONGRESO
Número de clasificación F1226
Número de documento/Ítem .B53 2000
100 1# - ENTRADA PRINCIPAL--NOMBRE DE PERSONA
Nombre de persona Campos, Sebastián I.
9 (RLIN) 843
245 10 - MENCIÓN DE TÍTULO
Título Recuerdos históricos de la ciudad de Veracruz y Costa de Sotavento del estado durante las campañas de Tres años, la Intervención y el Imperio
Mención de responsabilidad, etc. Sebastián I. Campos ; presentación Alejandro de Antuñano Maurer.
260 ## - PUBLICACIÓN, DISTRIBUCIÓN, ETC.
Lugar de publicación, distribución, etc. México
Nombre del editor, distribuidor, etc. Biblioteca Mexicana de la Fundación Miguel Alemán
Fecha de publicación, distribución, etc. 2000
300 ## - DESCRIPCIÓN FÍSICA
Extensión 1 v. (en varias paginaciones)
Otras características físicas il.
Dimensiones 24 cm.
500 ## - NOTA GENERAL
Nota general Facsímil de: México, Oficina Tip. de la Secretaría de Fomento, 1895
500 ## - NOTA GENERAL
Nota general Incluye índice onomástico
651 #4 - PUNTO DE ACCESO ADICIONAL DE MATERIA--NOMBRE GEOGRÁFICO
Nombre geográfico Veracruz (México)
Subdivisión general Historia
Subdivisión cronológica Siglo XIX
9 (RLIN) 844
651 #4 - PUNTO DE ACCESO ADICIONAL DE MATERIA--NOMBRE GEOGRÁFICO
Nombre geográfico Costa de Sotavento, Veracruz (México)
9 (RLIN) 845
700 1# - PUNTO DE ACCESO ADICIONAL--NOMBRE DE PERSONA
Nombre de persona Antuñano Maurer, Alejandro de
9 (RLIN) 705
942 ## - ELEMENTOS DE PUNTO DE ACCESO ADICIONAL (KOHA)
Fuente del sistema de clasificación o colocación Library of Congress Classification
Tipo de ítem Koha Libros
Holdings
Estado de retiro Estado de pérdida Estado dañado No para préstamo Localización permanente Ubicación/localización actual Fecha de adquisición Total de préstamos Signatura topográfica completa Código de barras Fecha visto por última vez Precio válido a partir de Tipo de ítem Koha
El ejemplar forma parte de la colección y puede ser consultado según las políticas vigentes.       Biblioteca del Museo Franz Mayer (Rogerio Casas-Alatriste) Biblioteca del Museo Franz Mayer (Rogerio Casas-Alatriste) 25/06/2008   F1226 .B53 2000 00304 22/03/2019 22/03/2019 Libros